000 00321nam a2200109 4500
008 160702b xxu||||| |||| 00| 0 eng d
100 _91784
_a Bhatt, A., et al
245 _aGetting a head Literature Reader - VIII
260 _aNew Delhi
_bArya
_c2004
300 _aGetting a head Literature Reader - VIII
942 _2ddc
_cBK
999 _c1488
_d1488